LEADER 01409nam a2200313 i 4500 001 000000166157 003 CaOOAMICUS 005 20240328140035.0 008 161012s1999 it u000 u ita u 013 $a143525 020 $a88-7641-373-1 040 $aSeMil$bita 100 1 $aGaeta, Giancarlo,$d<1942- >.$0(OLS)http://semarc/name/8707 245 10$aReligione del nostro tempo /$cGiancarlo Gaeta. 260 $aRoma :$bEdizioni e/o,$c1999. 300 $a158 p. ;$c18 cm. 490 0 $aPiccola biblioteca morale ;$v22 650 4$aHillesum, Etty <1914-1943> - Pensiero religioso.$0(OLS)http://semarc/subject/55344 650 4$aBenjamin, Walter <1892-1940> - Pensiero religioso.$0(OLS)http://semarc/subject/55343 650 4$aWeil, Simone <1909-1943> - Pensiero religioso.$0(OLS)http://semarc/subject/32224 650 4$aBonhoeffer, Dietrich <1906-1945> - Pensiero religioso.$0(OLS)http://semarc/subject/55342 830 0$aPiccola biblioteca morale ;$v22.$0(OLS)http://semarc/title/401472 850 $aSeMil 852 $aSeMil$W1$xVenegono$y1$m1R I 109$j247170$B117328$CSeMilBibl$Z2$F214744 $81 961 $aOmaggio: Ravasi mons. Gianfranco 996 $6020$a88-7641-373-1$9(OLS)http://semarc/number/152646 996 $6245$aReligione del nostro tempo$9(OLS)http://semarc/title/237321 996 $6260$aRoma :$bEdizioni e/o$9(OLS)http://semarc/publisher/33950 LEADER 01167nam a2200253 i 4500 001 000000047713 003 CaOOAMICUS 005 20120404000000.0 008 120404s1969 it u000 u ita u 013 $a18883 040 $aSeMil$bita 100 1 $aRondet, Henri,$c.$0(OLS)http://semarc/name/504 240 10$aL'obéissance, problème de vie, mystère de foi.$0(OLS)http://semarc/title/71990 245 12$aL'Obbedienza :$bproblema di vita, mistero di fede /$cHenri Rondet ; prefazione di Henri de Lubac. 260 $aBrescia :$bQueriniana,$ccopyr. 1969. 300 $a158 p. ;$c20 cm. 490 0 $aQuaderni di vita religiosa ;$v5 650 4$aObbedienza.$0(OLS)http://semarc/subject/10045 700 1 $aLubac, Henri : de,$c.$0(OLS)http://semarc/name/49 830 0$aQuaderni di vita religiosa [Queriniana] ;$v5.$0(OLS)http://semarc/title/17483 850 $aSeMil 852 $aSeMil$W1$xVenegono$y1$m2C V 179$j13868$B13868$CSeMilBibl$Z2$F13868 $81 996 $6245$aL'Obbedienza :$bproblema di vita, mistero di fede$9(OLS)http://semarc/title/71989 996 $6260$aBrescia :$bQueriniana$9(OLS)http://semarc/publisher/29615